000 00650cam a22002171 4500
001 af 48005029
003 DLC
005 20260227110911.0
008 890429s1946 gw 000 1 ger c
010 _aaf 48005029
035 _a(OCoLC)19623264
040 _aYale Univ. Library
_cCU
_dCU
_dDLC
042 _apremarc
050 0 0 _aPT2642.R23
_bK6 1946
082 _a833.91
100 1 _aTralow, Johannes,
_d1882-1968.
245 1 0 _aKönig Neuhoff, ein Weltmann im 18. Jahrhundert;
_bRoman.
260 _aMünchen,
_bDrei-Fichten-Verlag
_c[c1946]
300 _a500 p.
_c20 cm.
600 1 0 _aNeuhof, Théodore Antoine,
_cbaron de,
_d1686?-1756
_vFiction.
999 _c6321
_d6321